000 00396nam a22001697a 4500
999 _c8203
_d8203
003 GBCCL
005 20241126110645.0
008 190715b ||||| |||| 00| 0 eng d
040 _cgbc
082 _a920
_bMCC
100 _aMcClung, Claude
_914276
245 _aWhy I left mansonry.
300 _a111 pages
650 _aConverts.
_99262
650 _aFreemasons.
_914277
942 _2ddc
_cBK
_01